MARC

LEADER 00000nam0a2200000 4500
001 298297
005 20231102001105.0
035 |a (RuTPU)RU\TPU\book\323440 
090 |a 298297 
100 |a 20150617d1984 km y0rusy50 ca 
101 0 |a rus 
102 |a RU 
105 |a a z 001zy 
200 1 |a Геотермический режим Южного Урала  |f В. Е. Сальников  |g Академия наук СССР (АН СССР), Башкирский филиал (БФ), Институт геологии (ИГ) ; под ред. Я. Б. Смирнова 
210 |a Москва  |c Наука  |d 1984 
215 |a 89 с.  |c ил. 
320 |a Библиогр.: с. 83-87 
606 1 |a Геотермика  |x (геофизика)  |2 stltpush  |3 (RuTPU)RU\TPU\subj\6236  |9 34168 
610 1 |a Южный Урал 
610 1 |a геотермические условия 
610 1 |a геотермический режим 
610 1 |a методика 
610 1 |a тепловые свойства 
610 1 |a тепловые режимы 
610 1 |a земная кора 
675 |a 550.36  |v 3 
700 1 |a Сальников  |b В. Е.  |g Всеволод Евгеньевич 
702 1 |a Смирнов  |b Я. Б.  |4 340 
712 0 2 |a Академия наук СССР (АН СССР)  |b Башкирский филиал (БФ)  |b Институт геологии (ИГ)  |c (Уфа)  |c (1968-1988)  |2 stltpush  |3 (RuTPU)RU\TPU\col\10647 
801 1 |a RU  |b 63413507  |c 20150617 
801 2 |a RU  |b 63413507  |c 20180604  |g RCR 
942 |c BK